[Event "CZE-chT1E 1415"]
[Site "Czech Republic"]
[Date "2014.11.23"]
[Round "3.3"]
[White "Jarabek, Vratislav"]
[Black "Biolek, Richard Jr"]
[Result "0-1"]
[WhiteElo "2188"]
[BlackElo "2432"]
[PlyCount "58"]
[EventDate "2014.10.19"]
[EventType "team-tourn"]
[EventRounds "11"]
[EventCountry "CZE"]
[SourceTitle "CBM 163 Extra"]
[Source "ChessBase"]
[SourceDate "2014.12.23"]
[SourceVersion "1"]
[SourceVersionDate "2014.12.23"]
[SourceQuality "1"]
[WhiteTeam "Chrudim"]
[BlackTeam "Grygov"]
[WhiteTeamCountry "CZE"]
[BlackTeamCountry "CZE"]

1. e4 c5 2. Nf3 e6 3. d4 cxd4 4. Nxd4 Nf6 5. Bd3 Nc6 6. Nxc6 bxc6 7. 0-0 d5 8. Nd2 Be7 9. Qe2 0-0 10. b3 a5 11. Bb2 a4 12. Rab1 axb3 13. axb3 Ra2 14. Kh1 Bb4 15. Rfd1 Bb7 16. f4 Qe7 17. e5 Nd7 18. f5 exf5 19. Bxf5 Bxd2 20. Rxd2 Nc5 21. Bd4 Ne6 22. b4 Nxd4 23. Rxd4 g6 24. Bg4 Ba6 25. Qe3 Rxc2 26. h3 Bc4 27. Bf3 Re8 28. Re1 Qxb4 29. Rh4 Qd2 0-1

[Event "CZE-chT1E 1415"]
[Site "Czech Republic"]
[Date "2014.10.19"]
[Round "1.3"]
[White "Jarabek, Vratislav"]
[Black "Ringel, Zbynek"]
[Result "1/2-1/2"]
[WhiteElo "2188"]
[BlackElo "2293"]
[PlyCount "43"]
[EventDate "2014.10.19"]
[EventType "team-tourn"]
[EventRounds "11"]
[EventCountry "CZE"]
[SourceTitle "EXT 2015"]
[Source "ChessBase"]
[SourceDate "2014.11.20"]
[SourceVersion "1"]
[SourceVersionDate "2014.11.20"]
[SourceQuality "1"]
[WhiteTeam "Chrudim"]
[BlackTeam "Rychnov nad Kneznou"]
[WhiteTeamCountry "CZE"]
[BlackTeamCountry "CZE"]

1. d4 d5 2. Nf3 Nf6 3. Bf4 e6 4. e3 c5 5. c3 Nc6 6. Nbd2 Bd6 7. Ne5 Qc7 8. Nxc6 bxc6 9. Bxd6 Qxd6 10. Nf3 Rb8 11. Rb1 Nd7 12. Bd3 0-0 13. 0-0 c4 14. Bc2 f5 15. Nd2 e5 16. dxe5 Nxe5 17. Nf3 Bd7 18. b3 cxb3 19. Bxb3 Be6 20. Nxe5 Qxe5 21. Qd4 Qxd4 22. exd4 1/2-1/2

[Event "CZE-chT1E 1314"]
[Site "Czech Republic"]
[Date "2014.01.26"]
[Round "6.5"]
[White "Jarabek, Vratislav"]
[Black "Vanek, Ladislav"]
[Result "1/2-1/2"]
[WhiteElo "2202"]
[BlackElo "2177"]
[PlyCount "55"]
[EventDate "2013.10.20"]
[EventType "team-tourn"]
[EventRounds "11"]
[EventCountry "CZE"]
[SourceTitle "EXT 2015"]
[Source "ChessBase"]
[SourceDate "2014.11.20"]
[SourceVersion "1"]
[SourceVersionDate "2014.11.20"]
[SourceQuality "1"]
[WhiteTeam "Chrudim"]
[BlackTeam "Litovel II"]
[WhiteTeamCountry "CZE"]
[BlackTeamCountry "CZE"]

1. d4 Nf6 2. Nf3 e6 3. c4 Bb4+ 4. Bd2 Qe7 5. e3 0-0 6. Bd3 Bxd2+ 7. Nbxd2 d6 8. Qc2 e5 9. d5 Na6 10. a3 Nc5 11. Be2 a5 12. b3 Bd7 13. 0-0 a4 14. Rad1 g6 15. Ne1 Bf5 16. Qc3 h5 17. Nd3 Nfd7 18. f3 Bxd3 19. Bxd3 Nxd3 20. Qxd3 Nc5 21. Qc2 f5 22. Nb1 Qg5 23. f4 Qf6 24. Nc3 exf4 25. Rxf4 Rfe8 26. Qf2 Qe5 27. Rf3 Re7 28. Rd4 1/2-1/2

[Event "CZE-chT1W 1213"]
[Site "Czech Republic"]
[Date "2013.02.24"]
[Round "8.3"]
[White "Forman, Stepan"]
[Black "Jarabek, Vratislav"]
[Result "1/2-1/2"]
[WhiteElo "2320"]
[BlackElo "2216"]
[PlyCount "81"]
[EventDate "2012.10.28"]
[EventType "team-tourn"]
[EventRounds "11"]
[EventCountry "CZE"]
[SourceTitle "EXT 2014"]
[Source "ChessBase"]
[SourceDate "2013.11.20"]
[SourceVersion "1"]
[SourceVersionDate "2013.11.20"]
[SourceQuality "1"]
[WhiteTeam "Praha Kobylisy"]
[BlackTeam "Polabiny"]
[WhiteTeamCountry "CZE"]
[BlackTeamCountry "CZE"]

1. d4 d5 2. Nf3 Nf6 3. Bg5 c6 4. Bxf6 exf6 5. e3 Be6 6. Nbd2 Bd6 7. Bd3 f5 8. c4 Nd7 9. Qb3 Qb6 10. Qc2 dxc4 11. Bxf5 Bxf5 12. Qxf5 Qxb2 13. 0-0 Qb5 14. Qe4+ Kd8 15. Rab1 Qd5 16. Rxb7 c3 17. Qg4 Bc7 18. Ne4 f5 19. Qg5+ Kc8 20. Nxc3 Qf7 21. Rxc7+ Kxc7 22. Rc1 Rab8 23. d5 c5 24. Qf4+ Kd8 25. Ne5 Nxe5 26. Qxe5 Rb6 27. Na4 Re8 28. Qg3 Rg6 29. Qb8+ Ke7 30. Qxa7+ Kf8 31. Qxc5+ Kg8 32. Nb6 f4 33. exf4 Qxf4 34. g3 h5 35. Qc2 Qg4 36. Nd7 Rd6 37. Nc5 h4 38. Nd3 hxg3 39. hxg3 Rh6 40. Re1 Rxe1+ 41. Nxe1 1/2-1/2

[Event "CZE-chT1W 1213"]
[Site "Czech Republic"]
[Date "2013.02.10"]
[Round "7.4"]
[White "Cuhra, Martin"]
[Black "Jarabek, Vratislav"]
[Result "1/2-1/2"]
[WhiteElo "2236"]
[BlackElo "2216"]
[PlyCount "62"]
[EventDate "2012.10.28"]
[EventType "team-tourn"]
[EventRounds "11"]
[EventCountry "CZE"]
[SourceTitle "EXT 2014"]
[Source "ChessBase"]
[SourceDate "2013.11.20"]
[SourceVersion "1"]
[SourceVersionDate "2013.11.20"]
[SourceQuality "1"]
[WhiteTeam "Ceske Budejovice"]
[BlackTeam "Polabiny"]
[WhiteTeamCountry "CZE"]
[BlackTeamCountry "CZE"]

1. e4 c5 2. Nf3 Nc6 3. Nc3 e5 4. Bc4 Be7 5. d3 Nf6 6. h3 0-0 7. g4 d6 8. g5 Ne8 9. Nd5 Nc7 10. Nxc7 Qxc7 11. Nh4 g6 12. Ng2 b5 13. Bd5 Be6 14. h4 Qd7 15. Ne3 Rad8 16. c3 Rde8 17. Qf3 Bd8 18. Qg2 Ne7 19. c4 bxc4 20. dxc4 Nc6 21. Bxc6 Qxc6 22. Bd2 Qb7 23. Bc3 Qa6 24. b3 Ba5 25. Bxa5 Qxa5+ 26. Ke2 Qa3 27. h5 Re7 28. Nc2 Qa6 29. Ne3 Qa3 30. Nc2 Qa6 31. Ne3 Qa3 1/2-1/2

[Event "CZE-chT1W 1213"]
[Site "Czech Republic"]
[Date "2013.01.27"]
[Round "6.2"]
[White "Jarabek, Vratislav"]
[Black "Rasik, Vitezslav"]
[Result "1/2-1/2"]
[WhiteElo "2216"]
[BlackElo "2516"]
[PlyCount "48"]
[EventDate "2012.10.28"]
[EventType "team-tourn"]
[EventRounds "11"]
[EventCountry "CZE"]
[SourceTitle "EXT 2014"]
[Source "ChessBase"]
[SourceDate "2013.11.20"]
[SourceVersion "1"]
[SourceVersionDate "2013.11.20"]
[SourceQuality "1"]
[WhiteTeam "Polabiny"]
[BlackTeam "Jicin"]
[WhiteTeamCountry "CZE"]
[BlackTeamCountry "CZE"]

1. d4 Nf6 2. Nf3 g6 3. Nc3 Bg7 4. e4 d6 5. h3 0-0 6. Be2 b6 7. 0-0 Bb7 8. Bd3 c5 9. d5 Na6 10. Bf4 Nc7 11. Re1 a6 12. a4 e6 13. Bc4 exd5 14. exd5 b5 15. axb5 axb5 16. Rxa8 Bxa8 17. Bxb5 Nfxd5 18. Nxd5 Nxd5 19. Bg3 Nc7 20. Bf1 d5 21. Be5 Bxe5 22. Nxe5 Re8 23. b3 Kg7 24. Nd3 c4 1/2-1/2

[Event "CZE-chT2D 1213"]
[Site "Czech Republic"]
[Date "2012.11.18"]
[Round "3.3"]
[White "Jarabek, Vratislav"]
[Black "Soban, Jaroslav"]
[Result "1/2-1/2"]
[WhiteElo "2216"]
[BlackElo "2155"]
[PlyCount "31"]
[EventDate "2012.10.14"]
[EventType "team-tourn"]
[EventRounds "11"]
[EventCountry "CZE"]
[SourceTitle "EXT 2016"]
[Source "ChessBase"]
[SourceDate "2015.10.08"]
[SourceVersion "1"]
[SourceVersionDate "2015.10.08"]
[SourceQuality "1"]
[WhiteTeam "Chrudim"]
[BlackTeam "Olomouc Garde"]
[WhiteTeamCountry "CZE"]
[BlackTeamCountry "CZE"]

1. d4 f5 2. Nf3 Nf6 3. Bf4 e6 4. h3 b6 5. e3 Bb7 6. Nbd2 Be7 7. Bd3 0-0 8. c3 c5 9. Qc2 d5 10. Ne5 Nc6 11. Ndf3 Ne4 12. h4 a5 13. g3 Qc8 14. Nxc6 Bxc6 15. Ne5 Nd6 16. Qe2 1/2-1/2

[Event "CZE-chT2D 1112"]
[Site "Czech Republic"]
[Date "2012.04.22"]
[Round "11"]
[White "Zeberski, Jakub"]
[Black "Jarabek, Vratislav"]
[Result "1-0"]
[WhiteElo "2374"]
[BlackElo "2216"]
[PlyCount "71"]
[EventDate "2011.10.09"]
[EventType "team-tourn"]
[EventRounds "11"]
[EventCountry "CZE"]
[SourceTitle "EXT 2013"]
[Source "ChessBase"]
[SourceDate "2012.11.22"]
[SourceVersion "1"]
[SourceVersionDate "2012.11.22"]
[SourceQuality "1"]
[WhiteTeam "Rychnov nad Kneznou"]
[BlackTeam "Chrudim"]
[WhiteTeamCountry "CZE"]
[BlackTeamCountry "CZE"]

1. e4 e6 2. d4 d5 3. e5 c5 4. c3 Nc6 5. Nf3 Bd7 6. Be2 Nge7 7. Na3 cxd4 8. cxd4 Nf5 9. Nc2 Be7 10. 0-0 0-0 11. Ne3 Nxe3 12. Bxe3 f5 13. exf6 Bxf6 14. Bd3 Qe7 15. Rc1 Be8 16. h3 g6 17. Re1 Bg7 18. Bb5 Rc8 19. Bxc6 Rxc6 20. Rxc6 Bxc6 21. Bg5 Qd6 22. Qe2 Bd7 23. Qe3 Rc8 24. Bf4 Qe7 25. Be5 Bf8 26. Nh2 h5 27. g4 Qh4 28. Kg2 hxg4 29. Nxg4 Be7 30. Rc1 Rc4 31. b3 Rxc1 32. Qxc1 Bc6 33. Qe3 Bd7 34. Qc3 Bc6 35. Qa5 Qg5 36. Qxa7 1-0

[Event "CZE-chT2D 1011"]
[Site "Czech Republic"]
[Date "2010.10.17"]
[Round "1"]
[White "Jarabek, Vratislav"]
[Black "Skliba, Martin"]
[Result "1/2-1/2"]
[WhiteElo "2202"]
[BlackElo "2287"]
[PlyCount "29"]
[EventDate "2010.10.17"]
[EventType "team-tourn"]
[EventRounds "11"]
[EventCountry "CZE"]
[SourceTitle "EXT 2012"]
[Source "ChessBase"]
[SourceDate "2011.11.24"]
[SourceVersion "1"]
[SourceVersionDate "2011.11.24"]
[SourceQuality "1"]
[WhiteTeam "Chrudim"]
[BlackTeam "Brno Lokomotiva"]
[WhiteTeamCountry "CZE"]
[BlackTeamCountry "CZE"]

1. e4 c5 2. Nf3 e6 3. Nc3 Nc6 4. d4 cxd4 5. Nxd4 a6 6. Nxc6 bxc6 7. Bd3 d5 8. 0-0 Nf6 9. Qe2 Be7 10. b3 0-0 11. Bb2 Bb7 12. Rae1 Re8 13. Kh1 c5 14. e5 Nd7 15. f4 1/2-1/2

[Event "CZE-chT1W 0910"]
[Site "Czech Republic"]
[Date "2010.04.11"]
[Round "11.2"]
[White "Priehoda, Vitezslav"]
[Black "Jarabek, Vratislav"]
[Result "1-0"]
[WhiteElo "2402"]
[BlackElo "2205"]
[PlyCount "113"]
[EventDate "2009.10.11"]
[EventType "team-tourn"]
[EventRounds "11"]
[EventCountry "CZE"]
[SourceTitle "EXT 2011"]
[Source "ChessBase"]
[SourceDate "2010.11.26"]
[SourceVersion "1"]
[SourceVersionDate "2010.11.26"]
[SourceQuality "1"]
[WhiteTeam "Lysa nad Labem"]
[BlackTeam "Chrudim"]
[WhiteTeamCountry "CZE"]
[BlackTeamCountry "CZE"]

1. e4 c5 2. Nf3 Nc6 3. d4 cxd4 4. Nxd4 Nf6 5. Nc3 e5 6. Ndb5 d6 7. Bg5 a6 8. Na3 b5 9. Nd5 Be7 10. Bxf6 Bxf6 11. c4 0-0 12. cxb5 Nd4 13. bxa6 Bg5 14. h4 Bh6 15. Nc2 Bg4 16. Qd3 f5 17. Nxd4 exd4 18. Qxd4 fxe4 19. Bc4 Kh8 20. g3 Bf3 21. 0-0 Qd7 22. Kh2 Qg4 23. Ne3 Qh5 24. Ng2 Bf4 25. Qd5 Be5 26. Qd2 h6 27. Rae1 g5 28. Rh1 Bxg2 29. Kxg2 Qf3+ 30. Kh2 Rf4 31. Kg1 Rg4 32. Re3 Qf6 33. hxg5 Qxg5 34. Be2 Rxg3+ 35. fxg3 Bxg3 36. Rxh6+ Qxh6 37. Qc3+ Be5 38. Rh3 Bxc3 39. Rxh6+ Kg7 40. Rxd6 Bxb2 41. Kf2 Kf7 42. Ke3 Bc1+ 43. Kd4 Ke7 44. Kd5 Ba3 45. Rh6 Bc1 46. Re6+ Kf7 47. Rxe4 Rc8 48. Rc4 Rd8+ 49. Kc6 Be3 50. Re4 Bg1 51. Bc4+ Kf6 52. Re6+ Kf5 53. Re7 Rc8+ 54. Rc7 Rh8 55. Kb7 Ke5 56. Rg7 Bd4 57. a7 1-0

[Event "CZE-chT1W 0910"]
[Site "Czech Republic"]
[Date "2010.02.07"]
[Round "8.2"]
[White "Jarabek, Vratislav"]
[Black "Simek, Petr1111"]
[Result "1/2-1/2"]
[WhiteElo "2205"]
[BlackElo "2341"]
[PlyCount "53"]
[EventDate "2009.10.11"]
[EventType "team-tourn"]
[EventRounds "11"]
[EventCountry "CZE"]
[SourceTitle "EXT 2011"]
[Source "ChessBase"]
[SourceDate "2010.11.26"]
[SourceVersion "1"]
[SourceVersionDate "2010.11.26"]
[SourceQuality "1"]
[WhiteTeam "Chrudim"]
[BlackTeam "Ceske Budejovice"]
[WhiteTeamCountry "CZE"]
[BlackTeamCountry "CZE"]

1. d4 Nf6 2. Nf3 g6 3. c4 Bg7 4. Nc3 0-0 5. g3 d6 6. Bg2 Nbd7 7. 0-0 e5 8. e4 Re8 9. d5 Nc5 10. Ne1 a5 11. b3 c6 12. Nc2 cxd5 13. Nxd5 Nfxe4 14. Be3 Nf6 15. Bg5 Ra6 16. b4 axb4 17. Ncxb4 Ra4 18. Qf3 Ncd7 19. Qb3 Qa5 20. Bxf6 Bxf6 21. Nxf6+ Nxf6 22. Nd5 Nxd5 23. Bxd5 Be6 24. Qxb7 Bxd5 25. cxd5 Rxa2 26. Rxa2 Qxa2 27. Qd7 1/2-1/2

[Event "CZE-chT1W 0809"]
[Site "Czech Republic"]
[Date "2009.01.18"]
[Round "6.5"]
[White "Jarabek, Vratislav"]
[Black "Kucera, Petr1111"]
[Result "1/2-1/2"]
[WhiteElo "2198"]
[BlackElo "2143"]
[PlyCount "112"]
[EventDate "2008.10.19"]
[EventType "team-tourn"]
[EventRounds "11"]
[EventCountry "CZE"]
[SourceTitle "EXT 2010"]
[Source "ChessBase"]
[SourceDate "2010.11.25"]
[SourceVersion "1"]
[SourceVersionDate "2010.11.25"]
[SourceQuality "1"]
[WhiteTeam "Chrudim"]
[BlackTeam "Novoborsky II"]
[WhiteTeamCountry "CZE"]
[BlackTeamCountry "CZE"]

1. d4 f5 2. Nf3 Nf6 3. h3 d6 4. Bf4 g6 5. e3 Be6 6. Bd3 Bg7 7. Nbd2 c6 8. c3 Nbd7 9. Qc2 Qa5 10. a3 Nf8 11. b4 Qd8 12. e4 Nh5 13. Bh2 f4 14. Ng5 Bg8 15. Ngf3 Qd7 16. Rb1 Ne6 17. a4 Nc7 18. Nb3 Bf7 19. Ng5 0-0 20. Nxf7 Rxf7 21. Nd2 Kh8 22. Nf3 Rff8 23. Qe2 e5 24. dxe5 dxe5 25. Bc4 Qe7 26. 0-0 Rad8 27. Rbd1 Bf6 28. Rxd8 Rxd8 29. Rd1 Ne8 30. Rxd8 Qxd8 31. Qd2 Nd6 32. Bd3 Qc8 33. Qc2 Qe6 34. Nd2 Ng7 35. c4 Nde8 36. c5 h5 37. Qc4 Qd7 38. f3 g5 39. Kf1 g4 40. hxg4 hxg4 41. fxg4 Qxg4 42. Nf3 Qd7 43. Bc2 Qe6 44. Bb3 Nc7 45. Qxe6 Ngxe6 46. Bg1 Kg7 47. Ke2 Kf8 48. Kd3 Nd8 49. Bf2 Nde6 50. Kc4 a6 51. Be1 Ng5 52. Nxg5 Bxg5 53. Bd1 Ke7 54. Bg4 Kd8 55. Bf5 Bf6 56. Bf2 Be7 1/2-1/2

[Event "CZE-chT1W 0708"]
[Site "Czech Republic"]
[Date "2008.02.10"]
[Round "7.3"]
[White "Jarabek, Vratislav"]
[Black "Krejcik, Jiri"]
[Result "1/2-1/2"]
[WhiteElo "2212"]
[BlackElo "2117"]
[PlyCount "51"]
[EventDate "2007.10.28"]
[EventType "team"]
[EventRounds "11"]
[EventCountry "CZE"]
[SourceTitle "EXT 2009"]
[Source "ChessBase"]
[SourceDate "2008.11.26"]
[SourceVersion "1"]
[SourceVersionDate "2008.11.26"]
[SourceQuality "1"]
[WhiteTeam "Chrudim"]
[BlackTeam "Karlovy Vary"]
[WhiteTeamCountry "CZE"]
[BlackTeamCountry "CZE"]

1. e4 e5 2. Nf3 Nc6 3. Bc4 Nf6 4. d3 Bc5 5. c3 d6 6. Bb3 Qe7 7. 0-0 Bg4 8. Nbd2 h6 9. Re1 g5 10. Nf1 0-0-0 11. Bc2 Bh5 12. Ng3 Bg6 13. d4 exd4 14. Nxd4 Ne5 15. b4 Bb6 16. Ndf5 Qd7 17. h3 g4 18. h4 Nh5 19. Nxh5 Bxh5 20. Ng3 Nf3+ 21. gxf3 gxf3 22. e5 Rdg8 23. Bg5 Bg6 24. Bxg6 Rxg6 25. Qxf3 hxg5 26. h5 1/2-1/2

[Event "Chrudim op"]
[Site "Chrudim"]
[Date "2003.07.10"]
[Round "5"]
[White "Sturz, Ota"]
[Black "Jarabek, Vratislav"]
[Result "0-1"]
[WhiteElo "2096"]
[BlackElo "2082"]
[PlyCount "48"]
[EventDate "2003.07.??"]
[EventType "swiss"]
[EventRounds "9"]
[EventCountry "CZE"]
[SourceTitle "EXT 2006"]
[Source "ChessBase"]
[SourceDate "2005.11.24"]
[SourceVersion "1"]
[SourceVersionDate "2005.11.24"]
[SourceQuality "1"]

1. e4 d6 2. d4 Nf6 3. Nc3 c6 4. f3 Nbd7 5. Bd3 Qc7 6. Nge2 e6 7. Be3 Be7 8. Qd2 b6 9. g4 Bb7 10. Ng3 h6 11. h4 0-0-0 12. 0-0-0 a6 13. g5 hxg5 14. hxg5 Rxh1 15. Rxh1 Ne8 16. f4 b5 17. f5 e5 18. Rh7 exd4 19. Bxd4 Ne5 20. Bxe5 dxe5 21. Qe3 c5 22. Nd5 Bxd5 23. exd5 Rxd5 24. Be4 Qd8 0-1

[Event "CZE-chT2V 0203"]
[Site "Czech Republic"]
[Date "2003.??.??"]
[Round "8"]
[White "Jarabek, Vratislav"]
[Black "Tejkal, Lubomir"]
[Result "1/2-1/2"]
[WhiteElo "2060"]
[BlackElo "2020"]
[PlyCount "67"]
[EventDate "2002.10.??"]
[EventType "team"]
[EventRounds "11"]
[EventCountry "CZE"]
[SourceTitle "EXT 2007"]
[Source "ChessBase"]
[SourceDate "2006.11.23"]
[SourceVersion "1"]
[SourceVersionDate "2006.11.23"]
[SourceQuality "1"]
[WhiteTeam "Chrudim"]
[BlackTeam "Vrchlabi"]
[WhiteTeamCountry "CZE"]
[BlackTeamCountry "CZE"]

1. e4 c5 2. Nf3 a6 3. g3 Nc6 4. Bg2 Nf6 5. Nc3 e6 6. 0-0 Qc7 7. d4 cxd4 8. Nxd4 Be7 9. a4 0-0 10. Be3 Ne5 11. h3 d6 12. f4 Nc4 13. Bc1 Bd7 14. b3 Ne3 15. Bxe3 Qxc3 16. Qd3 Rac8 17. Qxc3 Rxc3 18. Bd2 Rcc8 19. Bb4 Rfe8 20. c4 Nh5 21. Ne2 d5 22. Bxe7 Rxe7 23. e5 g6 24. cxd5 exd5 25. g4 Rc2 26. Rf2 Rxe2 27. Rxe2 Nxf4 28. Ree1 Bc6 29. Rad1 g5 30. Bf1 Ng6 31. Bg2 Nxe5 32. Kh1 Ng6 33. Rxe7 Nxe7 34. Kg1 1/2-1/2

[Event "CZE-chTV 0102"]
[Site "Czech Republic"]
[Date "2002.??.??"]
[Round "6"]
[White "Jarabek, Vratislav"]
[Black "Blaha, Milan"]
[Result "1/2-1/2"]
[WhiteElo "2033"]
[BlackElo "2158"]
[PlyCount "81"]
[EventDate "2001.??.??"]
[EventType "team"]
[EventRounds "11"]
[EventCountry "CZE"]
[SourceTitle "EXT 2003"]
[Source "ChessBase"]
[SourceDate "2002.11.25"]
[SourceVersion "1"]
[SourceVersionDate "2002.11.25"]
[SourceQuality "1"]
[WhiteTeam "Chrudim II"]
[BlackTeam "Vrchlabi"]
[WhiteTeamCountry "CZE"]
[BlackTeamCountry "CZE"]

1. e4 d6 2. d4 g6 3. Nf3 Bg7 4. h3 Nf6 5. Nc3 0-0 6. Be2 c6 7. a4 b6 8. 0-0 Bb7 9. Re1 a6 10. Be3 Nbd7 11. Qd2 b5 12. e5 Ne8 13. Bg5 f6 14. exd6 Nxd6 15. Bf4 Nb6 16. Bxd6 exd6 17. a5 Nc8 18. b4 d5 19. Bd3 Qd7 20. Na2 Nd6 21. Nc1 Rae8 22. Nb3 Bc8 23. Nc5 Qf7 24. Rxe8 Rxe8 25. Re1 Rxe1+ 26. Qxe1 Qe8 27. Kf1 Qxe1+ 28. Kxe1 Kf7 29. c3 Ne8 30. Nd2 Nc7 31. Ke2 h5 32. Kf3 Bh6 33. Ke2 Bxd2 34. Kxd2 Ne6 35. Nxe6 Bxe6 36. Ke3 g5 37. Be2 h4 38. Bh5+ Ke7 39. Be2 f5 40. f4 Kf6 41. Bd3 1/2-1/2

[Event "Chrudim op"]
[Site "Chrudim"]
[Date "2001.??.??"]
[Round "?"]
[White "Halldorsson, Jon Arni"]
[Black "Jarabek, Vratislav"]
[Result "1-0"]
[WhiteElo "2155"]
[BlackElo "2070"]
[PlyCount "57"]
[EventDate "2001.??.??"]
[EventType "swiss"]
[EventRounds "9"]
[EventCountry "CZE"]
[SourceTitle "EXT 2003"]
[Source "ChessBase"]
[SourceDate "2002.11.25"]
[SourceVersion "1"]
[SourceVersionDate "2002.11.25"]
[SourceQuality "1"]

1. d4 Nf6 2. Nf3 c5 3. d5 b5 4. Bg5 Qa5+ 5. c3 Ne4 6. Bf4 Bb7 7. Qd3 Nf6 8. e4 c4 9. Qe3 d6 10. Nd4 Nbd7 11. Be2 Nc5 12. Nd2 Na4 13. 0-0 a6 14. b4 Qd8 15. Bd1 Nb6 16. a4 Nbxd5 17. exd5 Nxd5 18. Qg3 e5 19. Bxe5 dxe5 20. Qxe5+ Qe7 21. Re1 Kd8 22. Bf3 Qd7 23. axb5 Bd6 24. Qxg7 Kc7 25. Bg4 Rhg8 26. Qxg8 Rxg8 27. Bxd7 Kxd7 28. bxa6 Ba8 29. Nxc4 1-0

[Event "Chrudim op"]
[Site "Chrudim"]
[Date "2001.??.??"]
[Round "?"]
[White "Houskova, Magdalena"]
[Black "Jarabek, Vratislav"]
[Result "1/2-1/2"]
[WhiteElo "1975"]
[BlackElo "2070"]
[PlyCount "87"]
[EventDate "2001.??.??"]
[EventType "swiss"]
[EventRounds "9"]
[EventCountry "CZE"]
[SourceTitle "EXT 2003"]
[Source "ChessBase"]
[SourceDate "2002.11.25"]
[SourceVersion "1"]
[SourceVersionDate "2002.11.25"]
[SourceQuality "1"]

1. e4 c5 2. Nf3 Nc6 3. d4 cxd4 4. Nxd4 Nf6 5. Nc3 e5 6. Ndb5 d6 7. Nd5 Nxd5 8. exd5 Nb8 9. c4 a6 10. Nc3 Be7 11. Bd3 0-0 12. 0-0 f5 13. f3 Nd7 14. Be3 Bf6 15. Rc1 g6 16. b4 b6 17. Na4 a5 18. bxa5 Rxa5 19. Rb1 Nc5 20. Nxb6 Nxd3 21. Qxd3 f4 22. Qd2 Ra6 23. Bf2 Bf5 24. Rb3 Rf7 25. a4 g5 26. Rc1 Rg7 27. c5 dxc5 28. Bxc5 g4 29. fxg4 Rxg4 30. d6 Be4 31. g3 fxg3 32. hxg3 Ra7 33. Bf2 Qf8 34. Rc8 Bd8 35. Qe2 h5 36. Qc4+ Kh7 37. Qe6 Bf5 38. Rxd8 Bxe6 39. Rxf8 Bxb3 40. d7 Rxd7 41. Nxd7 Rxa4 42. Nxe5 Bd5 43. Be3 h4 44. gxh4 1/2-1/2

[Event "Chrudim op"]
[Site "Chrudim"]
[Date "2001.??.??"]
[Round "?"]
[White "Jarabek, Vratislav"]
[Black "Molik, Zdenek"]
[Result "1-0"]
[WhiteElo "2070"]
[BlackElo "2140"]
[PlyCount "53"]
[EventDate "2001.??.??"]
[EventType "swiss"]
[EventRounds "9"]
[EventCountry "CZE"]
[SourceTitle "EXT 2003"]
[Source "ChessBase"]
[SourceDate "2002.11.25"]
[SourceVersion "1"]
[SourceVersionDate "2002.11.25"]
[SourceQuality "1"]

1. d4 Nf6 2. c4 c5 3. d5 b5 4. cxb5 a6 5. f3 axb5 6. e4 e6 7. Nc3 b4 8. Nb5 Ba6 9. a3 Bxb5 10. Bxb5 bxa3 11. Qb3 axb2 12. Bxb2 Rxa1+ 13. Bxa1 exd5 14. exd5 Nxd5 15. Bc4 Qa5+ 16. Ke2 Nf4+ 17. Kf2 Nc6 18. Bxf7+ Kd8 19. Bc3 Qa7 20. Qc4 Ng6 21. Bxg6 hxg6 22. Ne2 Qc7 23. Nf4 Qd6 24. Ra1 Ke8 25. Ra8+ Nd8 26. Qe4+ Be7 27. Rxd8+ 1-0

[Event "CZE-chT2a 0001"]
[Site "Czech Republic"]
[Date "2001.??.??"]
[Round "10"]
[White "Jarabek, Vratislav"]
[Black "Novacek, Josef"]
[Result "0-1"]
[WhiteElo "2065"]
[BlackElo "2240"]
[PlyCount "114"]
[EventDate "2000.??.??"]
[EventType "team"]
[EventRounds "11"]
[EventCountry "CZE"]
[SourceTitle "EXT 2003"]
[Source "ChessBase"]
[SourceDate "2002.11.25"]
[SourceVersion "1"]
[SourceVersionDate "2002.11.25"]
[SourceQuality "1"]

1. e4 c5 2. Nf3 d6 3. d4 cxd4 4. Nxd4 Nf6 5. Nc3 Nc6 6. Be3 e5 7. Nb3 Be6 8. f3 Be7 9. Nd5 Bxd5 10. exd5 Nb8 11. Qd2 0-0 12. 0-0-0 Nbd7 13. Kb1 Qc7 14. c4 b6 15. Bd3 Nc5 16. Nxc5 bxc5 17. Qc2 Rab8 18. Bd2 Rfe8 19. Bc3 g6 20. h4 Bf8 21. g4 Bg7 22. h5 Nd7 23. hxg6 fxg6 24. Rh3 Nf8 25. Rdh1 Qe7 26. Be4 Rb7 27. Qh2 Bf6 28. Rh6 Reb8 29. Qc2 Bg7 30. R6h3 Qf6 31. Rg1 Qg5 32. Rh2 Qf4 33. Rgh1 Qg5 34. Bd2 Qf6 35. g5 Qe7 36. Bc1 Rb4 37. Qd3 R4b7 38. Rg2 Qf7 39. Rgh2 Qe7 40. Rh3 Qf7 41. Rxh7 Nxh7 42. Bxg6 Qd7 43. Bxh7+ Kf8 44. Qe4 Ke7 45. Bf5 Qe8 46. Rh7 Qf8 47. g6 Kd8 48. Rh5 Kc7 49. Be6 Qe7 50. Rf5 Rf8 51. Bg5 Qe8 52. Bf7 Qa4 53. Qc2 Qa3 54. Ka1 e4 55. Rf6 Bxf6 56. Bxf6 Qxf3 57. g7 Rfb8 0-1

[Event "Chrudim op"]
[Site "Chrudim"]
[Date "2001.??.??"]
[Round "?"]
[White "Jarabek, Vratislav"]
[Black "Pise, Jan"]
[Result "1/2-1/2"]
[WhiteElo "2070"]
[BlackElo "2005"]
[PlyCount "41"]
[EventDate "2001.??.??"]
[EventType "swiss"]
[EventRounds "9"]
[EventCountry "CZE"]
[SourceTitle "EXT 2003"]
[Source "ChessBase"]
[SourceDate "2002.11.25"]
[SourceVersion "1"]
[SourceVersionDate "2002.11.25"]
[SourceQuality "1"]

1. d4 d5 2. c4 c6 3. Nf3 Nf6 4. Nc3 e6 5. e3 Bd6 6. Bd3 Nbd7 7. 0-0 0-0 8. e4 dxe4 9. Nxe4 Nxe4 10. Bxe4 e5 11. Qc2 g6 12. c5 Bb8 13. Bh6 Re8 14. Rad1 Qe7 15. Rfe1 a5 16. h3 Nf8 17. Bg5 f6 18. Bh4 Qf7 19. dxe5 Bxe5 20. Nxe5 Rxe5 21. Bg3 1/2-1/2

[Event "Chrudim op"]
[Site "Chrudim"]
[Date "2001.??.??"]
[Round "?"]
[White "Jarabek, Vratislav"]
[Black "Rokoszenski, Robert"]
[Result "1-0"]
[WhiteElo "2070"]
[BlackElo "1750"]
[PlyCount "35"]
[EventDate "2001.??.??"]
[EventType "swiss"]
[EventRounds "9"]
[EventCountry "CZE"]
[SourceTitle "EXT 2003"]
[Source "ChessBase"]
[SourceDate "2002.11.25"]
[SourceVersion "1"]
[SourceVersionDate "2002.11.25"]
[SourceQuality "1"]

1. e4 e5 2. Nf3 Nc6 3. Bc4 Bc5 4. c3 Nf6 5. d3 0-0 6. 0-0 d6 7. h3 h6 8. Bb3 Re8 9. Re1 Be6 10. Bc2 Nd7 11. d4 exd4 12. cxd4 Bb4 13. Nc3 Bxh3 14. gxh3 Qf6 15. Kh1 Nf8 16. Nd5 Qd8 17. Rg1 g6 18. Bxh6 1-0